| 000 | 00946cam a22003012 4500 | ||
|---|---|---|---|
| 999 |
_c12263 _d12263 |
||
| 001 | 0000025109 | ||
| 003 | OSt | ||
| 005 | 20180926095504.0 | ||
| 008 | 141127s xx 000 0 eng d | ||
| 020 | _a0195731286: | ||
| 040 |
_aKABU _cKABU |
||
| 100 | 1 | _aKiruthu, Felix. | |
| 245 | 1 | 2 |
_aA History and government course : _bstudent's book / _cFelix Kiruthu, Jacinta Kapiyo, Wilson Kimori. |
| 246 | 3 | _aThe Evolving world | |
| 250 | _aUpdated ed. | ||
| 260 |
_aNairobi : _bOUP, _c2011. |
||
| 300 | _a4 vols. (various pagings). | ||
| 650 | 0 | _aWorld history. | |
| 651 | 0 |
_aKenya _xHistory. |
|
| 700 | 1 | _aKapiyo, Jacinta. | |
| 700 | 1 | _aKimori, Wilson. | |
| 908 | _a141127 | ||
| 942 |
_2lcc _cBK |
||